| 000 | 00439nam a22001457a 4500 | ||
|---|---|---|---|
| 003 | OSt | ||
| 082 |
_a631.37 _bNAN/DE |
||
| 088 | _a588 | ||
| 100 |
_aNANDHINI. J _95508 |
||
| 245 | _aDEVELOPMENT AND EVALUATION OF AUTOMATED NUTRIENT MONITORING AND CONTROL SYSTEM FOR VERTICAL HYDROPONICS | ||
| 260 |
_aTAVANUR _bDEPARTMENT OF SOIL AND WATER CONSERVATION ENGINEERING _c2023 |
||
| 300 | _a132+45 | ||
| 700 | _aJINU.A (GUIDE) | ||
| 942 | _cTH | ||
| 999 |
_c17727 _d17727 |
||